Southville International School and Colleges
Your cart is empty.
  • Cart
  • Lists
    Public lists Eva Luna New books Lux_list list_1
    Your lists Log in to create your own lists
  • Log in to your account
  • Your cookies
  • Search history
Southville International School and Colleges
  • Advanced search
  • Recent comments
  • Most popular
  • Libraries

Log in to your account

Log in with GOOGLE


If you do not have an external account, but do have a local account, you can still log in:

  1. Home
  2. MARC view: Basic business statistics :
Normal view MARC view ISBD view

Basic business statistics : (Record no. 16709)

[ view plain ]
MARC details
000 -LEADER
fixed length control field 00631nam a22002297a 4500
003 - CONTROL NUMBER IDENTIFIER
control field OSt
005 - DATE AND TIME OF LATEST TRANSACTION
control field 20150616151015.0
008 - FIXED-LENGTH DATA ELEMENTS--GENERAL INFORMATION
fixed length control field 130605t xxu||||| |||| 00| 0 eng d
020 ## - INTERNATIONAL STANDARD BOOK NUMBER
International Standard Book Number 9810699611
050 ## - LIBRARY OF CONGRESS CALL NUMBER
Classification number HF 1017
Item number .B489 2006
082 ## - DEWEY DECIMAL CLASSIFICATION NUMBER
Classification number M 519.5
Item number B297 2006
100 ## - MAIN ENTRY--PERSONAL NAME
Personal name Berenson, Mark L.
245 ## - TITLE STATEMENT
Title Basic business statistics :
Remainder of title concepts and applications /
Statement of responsibility, etc Mark L. Berenson.
250 ## - EDITION STATEMENT
Edition statement 10th ed.
260 ## - PUBLICATION, DISTRIBUTION, ETC. (IMPRINT)
Place of publication, distribution, etc Boston :
Name of publisher, distributor, etc Prentice Hall,
Date of publication, distribution, etc 2006.
300 ## - PHYSICAL DESCRIPTION
Extent 851 pages :
Other physical details illustrations ;
Dimensions 29 cm.
526 ## - STUDY PROGRAM INFORMATION NOTE
Reading level 1210L-1700L
562 ## - COPY AND VERSION IDENTIFICATION NOTE
Number of copies 1
650 ## - SUBJECT ADDED ENTRY--TOPICAL TERM
Topical term or geographic name as entry element Statistics.
942 ## - ADDED ENTRY ELEMENTS (KOHA)
Source of classification or shelving scheme Library of Congress Classification
Koha item type Books
Holdings
Withdrawn status Lost status Source of classification or shelving scheme Damaged status Home library Current library Shelving location Date acquired Source of acquisition Total Checkouts Full call number Barcode Date last seen Copy number Price effective from Koha item type Sub Shelving location
    Library of Congress Classification   College Library College Library General Circulation Section 06/05/2013 Donation   HF 1017 .B627 2001 C14091 05/15/2018 1 11/14/2013 Books  
    Library of Congress Classification   Southville International School Affiliated with Foreign Universities Library Southville International School Affiliated with Foreign Universities Library Southville Foreign University Section 06/16/2015 Library Fund   HF 1017 .B489 2006 SFU2087 05/15/2018   06/16/2015 Books  

Basic business statistics :

APA

Berenson M. L., . (2006). Basic business statistics. Boston: Prentice Hall.

Chicago

Berenson Mark L, . 2006. Basic business statistics. Boston: Prentice Hall.

Harvard

Berenson M. L., . (2006). Basic business statistics. Boston: Prentice Hall.

MLA

Berenson Mark L, . Basic business statistics. Boston: Prentice Hall. 2006.

  • Place hold
  • Print
  • Cite
  • Add to your cart (remove)
  • Save record
    BIBTEX Dublin Core MARCXML MARC (non-Unicode/MARC-8) MARC (Unicode/UTF-8) MARC (Unicode/UTF-8, Standard) MODS (XML) RIS
  • More searches
    Search for this title in:
    Other Libraries (WorldCat) Other Databases (Google Scholar) Online Stores (Bookfinder.com) Open Library (openlibrary.org)

Exporting to Dublin Core...

SOUTHVILLE LIBRARY

Southville International School and Colleges Library

1281 Tropical Ave. Cor. Luxembourg St., BF Homes International, Las Pinas City

Tel. No. 8256374 / 252358 Loc. 117/146

Powered by Koha